Tom Weise + Rentboy.com present Hustlaball Berlin, Thursday, October 16, 10 pm to 6 am, KitKat Club, Bessemer Strasse 14, Berlin-Schöneberg.

Advertising for international erotic fetish cabaret and dance party started by Tom Weise. Hustlaball is a sex cabaret and dance party organized in part by rentboy.com (founded by Weise & Jeffrey Davids in 1997) as a party to destigmatize and honor sex workers. Since 2007, Rentboy.com has hosted...

Full description

Bibliographic Details
Corporate Author: Rentboy.com (Firm)
Other Authors: Weise, Tom, 1967-
Format: Photo
Language:English
Published: [Berlin] : [Rentboy.com], [2014?]
Subjects:

MARC

Tag First Indicator Second Indicator Subfields
LEADER 00000nkm a2200000 i 4500
001 in00004634021
008 230102s2014 gw ineng d
007 kk co|
005 20230102181835.1
035 |a (OCoLC)on1356696330 
040 |a TXA  |b eng  |e rda  |c TXA 
035 |a (OCoLC)1356696330 
043 |a e-gx--- 
050 4 |a GV1749.5  |b .T65 2014 
245 0 0 |a Tom Weise + Rentboy.com present Hustlaball Berlin, Thursday, October 16, 10 pm to 6 am, KitKat Club, Bessemer Strasse 14, Berlin-Schöneberg. 
264 1 |a [Berlin] :  |b [Rentboy.com],  |c [2014?] 
300 |a 1 poster :  |b color ;  |c 60 x 42 cm 
336 |a text  |b txt  |2 rdacontent 
337 |a unmediated  |b n  |2 rdamedia 
338 |a sheet  |b nb  |2 rdacarrier 
520 |a Advertising for international erotic fetish cabaret and dance party started by Tom Weise. Hustlaball is a sex cabaret and dance party organized in part by rentboy.com (founded by Weise & Jeffrey Davids in 1997) as a party to destigmatize and honor sex workers. Since 2007, Rentboy.com has hosted Hustlaball three times yearly with a Las Vegas show in January, a London show in May, and a Berlin show in October. Part of the proceeds from this event go to charities such as the Lambeth Hate Crime Initiative, the Terrence Higgins Trust, and the Gay Men's Health Crisis. 
500 |a The Cushing Library/Women & Gender Studies copy was acquired as part of The Don Kelly Research Collection of Gay Literature and Culture.  |5 TXA 
650 0 |a Gay and lesbian dance parties  |z Germany  |z Berlin  |v Posters. 
650 0 |a Fetishism (Sexual behavior)  |z Germany  |z Berlin  |v Posters. 
650 0 |a Male prostitutes  |x Protection. 
655 7 |a Posters.  |2 lcgft 
700 1 |a Weise, Tom,  |d 1967- 
710 2 |a Rentboy.com (Firm) 
994 |a Z0  |b TXA 
948 |h HELD BY TXA - 0 OTHER HOLDINGS 
999 f f |s 02640e04-ba45-4b80-b63c-127188a41c0f  |i 5ffde211-c2d7-4030-b889-28d63f819cab  |t 0 
952 f f |p noncirc  |a Texas A&M University  |b College Station  |c Cushing Memorial Library & Archives  |d Cushing: Women & Gender Studies (Does not check out)  |t 0  |e GV1749.5 .T65 2014  |f Flat File  |h Library of Congress classification  |i unmediated -- sheet  |m A14853028738 
998 f f |a GV1749.5 .T65 2014  |t 0  |l Cushing: Women & Gender Studies (Does not check out)